LIBRARY ONLINE CATALOGUE

Sams teach yourself XML in 21 days. (Record no. 2512)

MARC details
000 -LEADER
fixed length control field 00609nam a22002172 4500
001 - CONTROL NUMBER
control field 0000004179
005 - DATE AND TIME OF LATEST TRANSACTION
control field 20151217145757.0
008 - FIXED-LENGTH DATA ELEMENTS--GENERAL INFORMATION
fixed length control field 070521s xx 000 0 eng d
020 ## - INTERNATIONAL STANDARD BOOK NUMBER
International Standard Book Number 8129703688 :
040 ## - CATALOGING SOURCE
Original cataloging agency KABU
Transcribing agency KABU
050 #0 - LIBRARY OF CONGRESS CALL NUMBER
Classification number QA76.76
Item number .H94H65 2004
100 1# - MAIN ENTRY--PERSONAL NAME
Personal name Holzner, Steven.
-- 0000148384
245 10 - TITLE STATEMENT
Title Sams teach yourself XML in 21 days.
250 ## - EDITION STATEMENT
Edition statement 3rd ed.
260 ## - PUBLICATION, DISTRIBUTION, ETC. (IMPRINT)
Place of publication, distribution, etc. Delhi :
Name of publisher, distributor, etc. Pearson Educ.,
Date of publication, distribution, etc. 2004.
300 ## - PHYSICAL DESCRIPTION
Extent 851 p.
650 #0 - SUBJECT ADDED ENTRY--TOPICAL TERM
Topical term or geographic name as entry element HML (Document markup language)
-- 0000154600
908 ## - PUT COMMAND PARAMETER (RLIN)
Put command parameter 070521
950 ## - LOCAL HOLDINGS (RLIN)
-- 1
Holdings
Withdrawn status Lost status Source of classification or shelving scheme Not for loan Home library Current library Date acquired Total Checkouts Full call number Barcode Date last seen Price effective from Koha item type
    Library of Congress Classification   Kabarak, Main Campus Kabarak, Main Campus 17/12/2015   QA76.76 .H94H65 2004 003768 17/12/2015 17/12/2015 General Collection